Marvel Characters by Alternate Names - Statistics

General Stats
  • This quiz has been taken 5 times
  • The average score is 11 of 20
Answer Stats
Hint Answer % Correct
James Barnes/Winter Soldier Bucky | Captain America | Revolution | Winter Dynamo
75%
Steve Rogers/Captain America Captain | Captain Corsair | Phoenix | Nomad | Spider-King
75%
Monica Rambeau/Spectrum Captain Marvel | Daystar | Photon | Pulsar
75%
Susan Storm-Richards/Invisible Woman Captain Universe | Human Torch | Invisible Girl | Malice
75%
Laura Kinney/X-23 Captain Universe | Talon | Wolverine
75%
Hank Pym/Ant-Man Giant-Man | Goliath | Ultron | Wasp | Yellowjacket
75%
Jean Grey/Phoenix Marvel Girl | Dark Phoenix
75%
Carol Danvers/Captain Marvel Accuser | Binary | Ms. Marvel | Warbird
50%
Warren Worthington III/Angel Apocalypse | Archangel | Dark Angel | Death | Life
50%
Peter Parker/Spider-Man Bag-Man | Captain Universe | Dusk | Hornet | Prodigy | Ricochet | Scarlet Spider | Spider-Carnage | Spider-Goblin | Spider-Hulk | Spider-Naut
50%
Logan/Wolverine Black Dragon | Death | Hellverine | Patch | Phoenix | Weapon X | X-Cutioner
50%
Frank Castle/Punisher Captain America | Franken-Castle | War Machine
50%
Clint Barton/Hawkeye Captain America | Goliath | Ronin
50%
Bruce Banner/Hulk Captain Universe | Devil Hulk | Doc Green | Green Scar | Joe Fixit | Kluh | Professor Hulk | Titan | War
50%
Victor von Doom/Doctor Doom Emperor Doom | God Emperor Doom | Iron Man | Phoenix
50%
Tony Stark/Iron Man Superior Iron Man | Mark One
50%
Kitty Pryde/Shadowcat Ariel | Sprite | Shadowkat | Star-Lord
25%
Betsy Braddock/Psylocke Captain Britain | Death | Lady Briton | Lady Mandarin
25%
Peter Petruski/Trapster Paste-Pot Pete
25%
Mac Gargan/Scorpion Spider-Man | Venom | Virus
25%
No matching quizzes found
Score Distribution
Percent of People with Each Score
Percentile by Number Answered
Your Score History
You have not taken this quiz